[Event "HUN-chT2 Maroczy 1819"]
[Site "Hungary"]
[Date "2018.12.02"]
[Round "5.6"]
[White "Mihalka, Zsolt"]
[Black "Sinkovics, Peter"]
[Result "1/2-1/2"]
[WhiteElo "2216"]
[BlackElo "2228"]
[PlyCount "45"]
[EventDate "2018.09.23"]
[EventType "team-tourn"]
[EventRounds "11"]
[EventCountry "HUN"]
[SourceTitle "EXT 2020"]
[Source "ChessBase"]
[SourceDate "2019.10.17"]
[SourceVersion "1"]
[SourceVersionDate "2019.10.17"]
[SourceQuality "1"]
[WhiteTeam "Penzugyor II"]
[BlackTeam "Taban Spartacus"]
[WhiteTeamCountry "HUN"]
[BlackTeamCountry "HUN"]

1. e4 e5 2. Nf3 Nc6 3. Bc4 Nf6 4. d3 Be7 5. 0-0 d6 6. h3 Na5 7. Bb3 c6 8. Nc3 0-0 9. d4 Nxb3 10. axb3 Qc7 11. Bg5 b5 12. Re1 Rd8 13. Qd3 h6 14. Bh4 Bb7 15. Qe3 a6 16. Bg3 Nd7 17. Rad1 Bf6 18. Rd2 Re8 19. dxe5 dxe5 20. Red1 Nf8 21. Qc5 Ne6 22. Qe3 Nf8 23. Qc5 1/2-1/2

[Event "HUN-chT2 Charousek 1718"]
[Site "Hungary"]
[Date "2018.03.04"]
[Round "7.6"]
[White "Madl, Ildiko"]
[Black "Mihalka, Zsolt"]
[Result "0-1"]
[WhiteElo "2323"]
[BlackElo "2203"]
[PlyCount "80"]
[EventDate "2017.10.29"]
[EventType "team-tourn"]
[EventRounds "9"]
[EventCountry "HUN"]
[SourceTitle "EXT 2020"]
[Source "ChessBase"]
[SourceDate "2019.10.17"]
[SourceVersion "1"]
[SourceVersionDate "2019.10.17"]
[SourceQuality "1"]
[WhiteTeam "Csuti Hydro"]
[BlackTeam "Penzugyor"]
[WhiteTeamCountry "HUN"]
[BlackTeamCountry "HUN"]

1. e4 g6 2. d4 d6 3. Nc3 Bg7 4. Nf3 Nf6 5. Be2 0-0 6. 0-0 Bg4 7. Bg5 h6 8. Be3 Nc6 9. Qd2 Bxf3 10. Bxf3 Kh7 11. d5 Ne5 12. Be2 c6 13. dxc6 bxc6 14. f3 Qa5 15. a3 Rfd8 16. Rfd1 Qc7 17. Bd4 Ned7 18. a4 Nf8 19. Qe1 e5 20. Bf2 d5 21. Bd3 Ne6 22. Kh1 Nf4 23. Bf1 Rab8 24. g3 Ne6 25. exd5 Nxd5 26. Nxd5 cxd5 27. Bb5 Qb7 28. Qe2 Rd6 29. Rab1 a6 30. Bd3 f5 31. Kg1 Ng5 32. h4 Nh3+ 33. Kh2 Nxf2 34. Qxf2 Qb4 35. h5 e4 36. c3 Qxa4 37. Bc2 Qc6 38. fxe4 fxe4 39. hxg6+ Rxg6 40. Qf5 Rf8 0-1

[Event "HUN-chT2 Charousek 1718"]
[Site "Hungary"]
[Date "2018.02.18"]
[Round "6.9"]
[White "Kovacs, Elod"]
[Black "Mihalka, Zsolt"]
[Result "0-1"]
[WhiteElo "2094"]
[BlackElo "2203"]
[PlyCount "80"]
[EventDate "2017.10.29"]
[EventType "team-tourn"]
[EventRounds "9"]
[EventCountry "HUN"]
[SourceTitle "EXT 2020"]
[Source "ChessBase"]
[SourceDate "2019.10.17"]
[SourceVersion "1"]
[SourceVersionDate "2019.10.17"]
[SourceQuality "1"]
[WhiteTeam "Balatonfuered"]
[BlackTeam "Penzugyor"]
[WhiteTeamCountry "HUN"]
[BlackTeamCountry "HUN"]

1. d4 g6 2. c4 d6 3. Nc3 Bg7 4. Nf3 e5 5. dxe5 dxe5 6. Qxd8+ Kxd8 7. Bg5+ f6 8. 0-0-0+ Nd7 9. Bd2 c6 10. e4 Bh6 11. g4 Bxd2+ 12. Rxd2 h6 13. h4 Kc7 14. Rg1 g5 15. b4 Ne7 16. Be2 a5 17. a3 axb4 18. axb4 Ra1+ 19. Nb1 Ra4 20. Rb2 Ng6 21. Bd1 Ra1 22. Rb3 Ndf8 23. Kb2 Ra8 24. h5 Nf4 25. Nfd2 N8e6 26. f3 Rd8 27. Re3 Nd4 28. Nb3 Be6 29. Nxd4 exd4 30. Ra3 Bxc4 31. Bc2 d3 32. Bb3 Rxa3 33. Kxa3 d2 34. Nxd2 Be2 35. Nc4 Bxf3 36. e5 b5 37. Nd6 fxe5 38. Nf5 Nd3 39. Nxh6 Ra8+ 40. Ba4 Bd5 0-1

[Event "Budapest-chT1 Lilienthal 1718"]
[Site "Budapest"]
[Date "2017.11.12"]
[Round "3"]
[White "Mihalka, Zsolt"]
[Black "Prorok, Marton"]
[Result "1/2-1/2"]
[WhiteElo "2185"]
[BlackElo "2332"]
[PlyCount "92"]
[EventDate "2017.10.01"]
[EventType "team-tourn"]
[EventRounds "13"]
[EventCountry "HUN"]
[SourceTitle "EXT 2021"]
[Source "ChessBase"]
[SourceDate "2020.10.23"]
[SourceVersion "1"]
[SourceVersionDate "2020.10.23"]
[SourceQuality "1"]
[WhiteTeam "Penzugyor III"]
[BlackTeam "Fabulon"]
[WhiteTeamCountry "HUN"]
[BlackTeamCountry "HUN"]

1. g3 e5 2. Bg2 d5 3. d3 Nf6 4. Nf3 Nc6 5. 0-0 Bg4 6. h3 Bxf3 7. Bxf3 Qd7 8. Bg2 0-0-0 9. Nd2 h5 10. c4 Kb8 11. cxd5 Nxd5 12. Nc4 h4 13. Ne3 Nxe3 14. Bxe3 hxg3 15. fxg3 Rxh3 16. Bxh3 Qxh3 17. Rf3 Be7 18. Qf1 Qg4 19. Qf2 Bf6 20. Kg2 Qe6 21. a3 e4 22. Rxf6 gxf6 23. dxe4 Qxe4+ 24. Qf3 Qe5 25. Rb1 Re8 26. Bf4 Qxe2+ 27. Qxe2 Rxe2+ 28. Kf3 Nd4+ 29. Kg4 Kc8 30. Rd1 f5+ 31. Kg5 Ne6+ 32. Kxf5 Nxf4 33. gxf4 Rxb2 34. Kf6 Rb3 35. Kxf7 Rxa3 36. Rf1 Rd3 37. f5 b5 38. f6 Kd7 39. Ra1 b4 40. Rxa7 b3 41. Rb7 Kc8 42. Rb4 c5 43. Rb5 Rc3 44. Ke6 Re3+ 45. Kd5 Rf3 46. Rxc5+ Kd7 1/2-1/2

[Event "HUN-chT2 Maroczy 1516"]
[Site "Hungary"]
[Date "2016.03.20"]
[Round "7.7"]
[White "Mihalka, Zsolt"]
[Black "Kahn, Evarth"]
[Result "0-1"]
[WhiteElo "2232"]
[BlackElo "2248"]
[PlyCount "124"]
[EventDate "2015.10.18"]
[EventType "team-tourn"]
[EventRounds "9"]
[EventCountry "HUN"]
[SourceTitle "EXT 2017"]
[Source "ChessBase"]
[SourceDate "2016.10.25"]
[SourceVersion "1"]
[SourceVersionDate "2016.10.25"]
[SourceQuality "1"]
[WhiteTeam "Penzugyor"]
[BlackTeam "Szigetszentmiklos"]
[WhiteTeamCountry "HUN"]
[BlackTeamCountry "HUN"]

1. e4 c5 2. Nf3 d6 3. d4 cxd4 4. Nxd4 Nf6 5. Nc3 g6 6. Be3 Bg7 7. Be2 0-0 8. 0-0 a6 9. a4 Nbd7 10. f4 Qc7 11. h3 b6 12. Qd2 Bb7 13. Bf3 Nc5 14. Nd5 Nfxe4 15. Nxc7 Nxd2 16. Rfd1 Bxd4 17. Bxd4 Nxf3+ 18. gxf3 Rac8 19. Bxc5 bxc5 20. Nd5 Bxd5 21. Rxd5 Rb8 22. b3 f5 23. Kf2 Kf7 24. Re1 Rfc8 25. Re3 c4 26. Rc3 cxb3 27. Rxc8 Rxc8 28. cxb3 Rc3 29. Ra5 Rxb3 30. Rxa6 e5 31. fxe5 dxe5 32. Ra7+ Kf6 33. Rxh7 Ra3 34. Ra7 Kg5 35. Ra6 Kf4 36. Rxg6 Rxf3+ 37. Kg2 Ra3 38. h4 Rxa4 39. h5 Ra7 40. h6 Rh7 41. Kf2 e4 42. Ke2 Ke5 43. Ra6 f4 44. Ra5+ Kf6 45. Ra6+ Kg5 46. Ra4 Kf5 47. Ra5+ Kg4 48. Re5 e3 49. Re6 Rd7 50. Rg6+ Kf5 51. Rg7 Rd2+ 52. Kf1 Rh2 53. h7 e2+ 54. Ke1 f3 55. Rf7+ Ke4 56. Re7+ Kd3 57. Rd7+ Kc4 58. Re7 Kd4 59. Rd7+ Ke5 60. Re7+ Kf6 61. Re3 Rh1+ 62. Kd2 Kg7 0-1

[Event "Perenyi Memorial"]
[Site "Budapest"]
[Date "2016.01.13"]
[Round "7"]
[White "Czegledi, Barna Jr"]
[Black "Mihalka, Zsolt"]
[Result "1-0"]
[WhiteElo "2127"]
[BlackElo "2233"]
[PlyCount "125"]
[EventDate "2016.01.06"]
[EventType "swiss"]
[EventRounds "9"]
[EventCountry "HUN"]
[SourceTitle "CBM 170 Extra"]
[Source "ChessBase"]
[SourceDate "2016.02.25"]
[SourceVersion "1"]
[SourceVersionDate "2016.02.25"]
[SourceQuality "1"]

1. d4 d6 2. c4 g6 3. Nc3 Bg7 4. e4 e5 5. Nge2 Nc6 6. Be3 Nge7 7. d5 Nb8 8. Ng3 0-0 9. Qd2 f5 10. exf5 Nxf5 11. Nxf5 gxf5 12. f4 Nd7 13. Be2 Qh4+ 14. g3 Qe7 15. 0-0-0 exf4 16. Bxf4 Ne5 17. Bh6 Bd7 18. Bxg7 Qxg7 19. Rhf1 Rae8 20. Bd3 Ng4 21. Rf3 Ne5 22. Rf4 Kh8 23. Rdf1 Qg5 24. Ne2 Ng4 25. Nd4 Ne5 26. Kc2 Nxd3 27. Qxd3 Qh5 28. R1f2 Re5 29. g4 Qe8 30. Nxf5 Bxf5 31. Rxf5 Rfxf5 32. Rxf5 Qa4+ 33. Kd2 Qb4+ 34. Qc3 Qxc3+ 35. Kxc3 Re7 36. Rf3 Kg7 37. a3 a5 38. b4 axb4+ 39. axb4 Re1 40. c5 dxc5 41. bxc5 Rd1 42. Kc4 Kg6 43. h3 Kg7 44. Rb3 Rc1+ 45. Kd4 Rd1+ 46. Rd3 Rc1 47. Rf3 Rd1+ 48. Kc4 Rd2 49. c6 bxc6 50. dxc6 Rd6 51. Kb5 Rd2 52. Rb3 Kf7 53. Ka6 Ke7 54. Kb7 Kd6 55. h4 h6 56. g5 hxg5 57. hxg5 Rd5 58. g6 Rg5 59. Rd3+ Kc5 60. Kxc7 Rxg6 61. Kb7 Rh6 62. Rd1 Rh2 63. Rb1 1-0

[Event "Perenyi Memorial"]
[Site "Budapest"]
[Date "2016.01.11"]
[Round "5"]
[White "Lengyel, Bela"]
[Black "Mihalka, Zsolt"]
[Result "1/2-1/2"]
[WhiteElo "2246"]
[BlackElo "2233"]
[PlyCount "79"]
[EventDate "2016.01.06"]
[EventType "swiss"]
[EventRounds "9"]
[EventCountry "HUN"]
[SourceTitle "CBM 170 Extra"]
[Source "ChessBase"]
[SourceDate "2016.02.25"]
[SourceVersion "1"]
[SourceVersionDate "2016.02.25"]
[SourceQuality "1"]

1. e4 g6 2. d4 d6 3. Nf3 Nf6 4. Nc3 Bg7 5. Be2 0-0 6. 0-0 Bg4 7. Be3 Nc6 8. Qd2 e5 9. d5 Ne7 10. Rad1 a6 11. a4 Bd7 12. Ne1 b5 13. axb5 axb5 14. Nd3 Nxe4 15. Nxe4 f5 16. f3 fxe4 17. fxe4 Rxf1+ 18. Rxf1 c5 19. Nf2 Kh8 20. Ng4 Ng8 21. Bg5 Qc7 22. Nh6 Nxh6 23. Bxh6 Bxh6 24. Qxh6 Kg8 25. h4 Qd8 26. h5 Qh4 27. Rf7 Qe1+ 28. Rf1 Qh4 29. Rf7 Qe1+ 30. Bf1 Kxf7 31. Qxh7+ Kf6 32. Qxg6+ Ke7 33. Qg5+ Kf7 34. Qg6+ Ke7 35. Qg7+ Kd8 36. Qf8+ Kc7 37. Qxa8 Qe3+ 38. Kh1 Qxe4 39. Qa5+ Kc8 40. Qa8+ 1/2-1/2

[Event "HUN-chT2 Maroczy 1415"]
[Site "Hungary"]
[Date "2015.02.08"]
[Round "6"]
[White "Frank, Jozsef1111"]
[Black "Mihalka, Zsolt"]
[Result "0-1"]
[WhiteElo "2007"]
[BlackElo "2229"]
[PlyCount "66"]
[EventDate "2014.10.12"]
[EventType "team-tourn"]
[EventRounds "9"]
[EventCountry "HUN"]
[SourceTitle "EXT 2016"]
[Source "ChessBase"]
[SourceDate "2015.10.08"]
[SourceVersion "1"]
[SourceVersionDate "2015.10.08"]
[SourceQuality "1"]
[WhiteTeam "Dunaharaszti II"]
[BlackTeam "Penzugyor II"]
[WhiteTeamCountry "HUN"]
[BlackTeamCountry "HUN"]

1. d4 d6 2. Nf3 g6 3. g3 Bg7 4. Bg2 Nf6 5. 0-0 0-0 6. c3 Nc6 7. Bg5 h6 8. Bxf6 Bxf6 9. Nbd2 e5 10. Ne4 Bg7 11. dxe5 Nxe5 12. Nxe5 Bxe5 13. Nd2 Bg7 14. e4 Bd7 15. Qc2 Qe7 16. Rae1 Rae8 17. Re3 Qe5 18. Rfe1 Qa5 19. b4 Qb6 20. a4 a5 21. Nc4 Qa6 22. Bf1 axb4 23. a5 Bxc3 24. Rxc3 bxc3 25. Ne5 Bb5 26. Nd7 Bxf1 27. Rxf1 Qxa5 28. Qb3 b5 29. Qd5 Re6 30. Nxf8 Kxf8 31. Rc1 Qa3 32. Rc2 Qa4 33. Ra2 Qxe4 0-1

[Event "HUN-chT2 Maroczy 1415"]
[Site "Hungary"]
[Date "2014.11.30"]
[Round "3"]
[White "Mihalka, Zsolt"]
[Black "Bognar, Csaba"]
[Result "1-0"]
[WhiteElo "2229"]
[BlackElo "2238"]
[PlyCount "80"]
[EventDate "2014.10.12"]
[EventType "team-tourn"]
[EventRounds "9"]
[EventCountry "HUN"]
[SourceTitle "EXT 2016"]
[Source "ChessBase"]
[SourceDate "2015.10.08"]
[SourceVersion "1"]
[SourceVersionDate "2015.10.08"]
[SourceQuality "1"]
[WhiteTeam "Penzugyor II"]
[BlackTeam "Kobanya Aquarena"]
[WhiteTeamCountry "HUN"]
[BlackTeamCountry "HUN"]

1. e4 d6 2. d4 Nf6 3. Nc3 g6 4. Be3 c6 5. f3 b5 6. Qd2 Qc7 7. e5 dxe5 8. dxe5 Qxe5 9. 0-0-0 Bd7 10. Bf4 Qe6 11. Re1 Qf5 12. Bd3 Qc5 13. Bxb8 Rxb8 14. Qf4 Qb6 15. Qxf6 Bh6+ 16. Kb1 0-0 17. Qe5 Be6 18. Nge2 Bg7 19. Qg5 Bf6 20. Qf4 c5 21. Be4 Rfd8 22. Rd1 Bd4 23. Nxd4 cxd4 24. Ne2 b4 25. h4 Qa5 26. Nc1 Rb6 27. b3 Qb5 28. Qg5 f6 29. Qxb5 Rxb5 30. Ne2 f5 31. Rxd4 Rc8 32. Bd3 Rb6 33. Re1 Bf7 34. Nf4 Re8 35. Re5 Kg7 36. Bc4 Kf6 37. Nd3 Bxc4 38. Rxc4 Rd8 39. f4 Rdb8 40. Rc7 a5 1-0

[Event "HUN-chT2 Maroczy 1314"]
[Site "Hungary"]
[Date "2014.04.13"]
[Round "10"]
[White "Somogyi, Istvan"]
[Black "Mihalka, Zsolt"]
[Result "1-0"]
[WhiteElo "2177"]
[BlackElo "2243"]
[PlyCount "75"]
[EventDate "2013.09.08"]
[EventType "team-tourn"]
[EventRounds "11"]
[EventCountry "HUN"]
[SourceTitle "EXT 2016"]
[Source "ChessBase"]
[SourceDate "2015.10.08"]
[SourceVersion "1"]
[SourceVersionDate "2015.10.08"]
[SourceQuality "1"]
[WhiteTeam "Budapest MLTC II"]
[BlackTeam "Penzugyor II"]
[WhiteTeamCountry "HUN"]
[BlackTeamCountry "HUN"]

1. d4 g6 2. e4 d6 3. Nc3 Bg7 4. Be3 a6 5. Nf3 b5 6. a3 Bb7 7. Bd3 Nd7 8. Qe2 c5 9. dxc5 dxc5 10. Qd2 Qc7 11. Bf4 e5 12. Bg5 h6 13. Be3 Ngf6 14. b3 Nf8 15. 0-0 Rd8 16. Qe1 Ne6 17. Nd2 Ng4 18. a4 b4 19. Nd1 0-0 20. f3 Nxe3 21. Nxe3 Rd7 22. Rd1 Rfd8 23. Ndc4 Nd4 24. Be2 f5 25. exf5 gxf5 26. Rxd4 exd4 27. Nxf5 Qf4 28. Bd3 Qg5 29. Qe6+ Kh8 30. Ne5 Bd5 31. Ng6+ Kh7 32. Qxa6 c4 33. bxc4 Bf7 34. Ngh4 Kg8 35. Nxg7 Qxg7 36. Nf5 Qg5 37. h4 Qf4 38. Qf6 1-0

[Event "Budapest-chT1 Lilienthal 1314"]
[Site "Budapest"]
[Date "2013.11.24"]
[Round "4"]
[White "Virag, Attila Aba"]
[Black "Mihalka, Zsolt"]
[Result "1/2-1/2"]
[WhiteElo "2270"]
[BlackElo "2243"]
[PlyCount "51"]
[EventDate "2013.09.29"]
[EventType "team-tourn"]
[EventRounds "11"]
[EventCountry "HUN"]
[SourceTitle "EXT 2021"]
[Source "ChessBase"]
[SourceDate "2020.10.23"]
[SourceVersion "1"]
[SourceVersionDate "2020.10.23"]
[SourceQuality "1"]
[WhiteTeam "Fabulon"]
[BlackTeam "Penzugyor III"]
[WhiteTeamCountry "HUN"]
[BlackTeamCountry "HUN"]

1. e4 d6 2. d4 g6 3. Nc3 Bg7 4. Be3 a6 5. Qd2 b5 6. f3 Nd7 7. Nge2 Bb7 8. Ng3 c5 9. Be2 Qc7 10. 0-0 cxd4 11. Bxd4 Ngf6 12. a3 h5 13. Bd3 0-0 14. Rae1 Rad8 15. f4 e5 16. Be3 Nc5 17. fxe5 dxe5 18. Bg5 Rd6 19. Qe2 Ne6 20. Bxf6 Nd4 21. Qd1 Rxf6 22. Kh1 Rd8 23. Rxf6 Bxf6 24. Rf1 Qe7 25. Nge2 Bg7 26. Qe1 1/2-1/2

[Event "Budapest Karacsonyi op 4th"]
[Site "Budapest"]
[Date "2012.12.30"]
[Round "6"]
[White "Mihalka, Zsolt"]
[Black "Mester, Attila"]
[Result "1-0"]
[WhiteElo "2183"]
[BlackElo "2128"]
[PlyCount "69"]
[EventDate "2012.12.27"]
[EventType "swiss"]
[EventRounds "7"]
[EventCountry "HUN"]
[SourceTitle "EXT 2014"]
[Source "ChessBase"]
[SourceDate "2013.11.20"]
[SourceVersion "1"]
[SourceVersionDate "2013.11.20"]
[SourceQuality "1"]

1. e4 c5 2. Nf3 Nc6 3. Nc3 d6 4. d4 cxd4 5. Nxd4 Nf6 6. Bc4 Qb6 7. Ndb5 a6 8. Be3 Qd8 9. Nd4 e6 10. Qe2 Be7 11. Bb3 Qc7 12. 0-0-0 Na5 13. g4 b5 14. g5 Nxb3+ 15. axb3 Nd7 16. Nf5 exf5 17. Nd5 Qd8 18. exf5 0-0 19. f6 Nxf6 20. gxf6 Bxf6 21. Bb6 Bg5+ 22. Kb1 Qd7 23. Rhg1 Bd8 24. Qf3 f6 25. Bxd8 Qxd8 26. Nxf6+ Qxf6 27. Qxa8 Bf5 28. Qd5+ Kh8 29. Qxd6 Qf7 30. Rd5 Re8 31. Rc5 Bg6 32. Qd2 Qe7 33. Qc3 Qe4 34. Rc7 Rg8 35. Re1 1-0

[Event "HUN-chT2 Charousek 1112"]
[Site "Hungary"]
[Date "2012.02.19"]
[Round "6"]
[White "Mihalka, Zsolt"]
[Black "Joo, Gabor"]
[Result "0-1"]
[WhiteElo "2197"]
[BlackElo "2085"]
[PlyCount "68"]
[EventDate "2011.09.25"]
[EventType "team-tourn"]
[EventRounds "11"]
[EventCountry "HUN"]
[SourceTitle "EXT 2013"]
[Source "ChessBase"]
[SourceDate "2012.11.22"]
[SourceVersion "1"]
[SourceVersionDate "2012.11.22"]
[SourceQuality "1"]
[WhiteTeam "Penzugyor II"]
[BlackTeam "Haladas II"]
[WhiteTeamCountry "HUN"]
[BlackTeamCountry "HUN"]

1. e4 c5 2. Nf3 d6 3. d4 cxd4 4. Nxd4 Nf6 5. Nc3 a6 6. Be3 e6 7. g4 Be7 8. g5 Nfd7 9. Qd2 Qc7 10. f4 Nc6 11. 0-0-0 Nc5 12. Nxc6 Qxc6 13. Bg2 Bd7 14. Bd4 Rg8 15. f5 0-0-0 16. Rhg1 Kb8 17. f6 Bf8 18. fxg7 Bxg7 19. Bxg7 Rxg7 20. Qf4 Kc7 21. e5 d5 22. Bxd5 exd5 23. Nxd5+ Kb8 24. e6+ Ka7 25. exd7 Rxd7 26. Qd4 Rg6 27. b4 Rgd6 28. c4 b6 29. bxc5 bxc5 30. Qc3 Qa4 31. Kb1 Re6 32. Qc2 Rb7+ 33. Kc1 Qa3+ 34. Kd2 Rb2 0-1

[Event "HUN-chT2 Charousek 1112"]
[Site "Hungary"]
[Date "2011.10.30"]
[Round "2"]
[White "Mihalka, Zsolt"]
[Black "Sipos, Janos"]
[Result "1/2-1/2"]
[WhiteElo "2197"]
[BlackElo "2259"]
[PlyCount "123"]
[EventDate "2011.09.25"]
[EventType "team-tourn"]
[EventRounds "11"]
[EventCountry "HUN"]
[SourceTitle "EXT 2013"]
[Source "ChessBase"]
[SourceDate "2012.11.22"]
[SourceVersion "1"]
[SourceVersionDate "2012.11.22"]
[SourceQuality "1"]
[WhiteTeam "Penzugyor II"]
[BlackTeam "Aquaprofit II"]
[WhiteTeamCountry "HUN"]
[BlackTeamCountry "HUN"]

1. e4 e5 2. Nf3 Nc6 3. Bc4 Nf6 4. d3 Bc5 5. 0-0 d6 6. c3 a6 7. b4 Ba7 8. a4 h6 9. Nbd2 0-0 10. Re1 Ne7 11. Nf1 Ng6 12. Be3 c6 13. Bb3 Be6 14. Bxa7 Rxa7 15. Bxe6 fxe6 16. Ng3 Qe7 17. d4 Nd7 18. dxe5 Ndxe5 19. Nxe5 Nxe5 20. Qd4 Raa8 21. c4 Qf6 22. Rad1 Rad8 23. f3 Qg5 24. Rf1 h5 25. f4 Rxf4 26. Rxf4 Qxf4 27. Nxh5 Qg4 28. Ng3 Nxc4 29. Rf1 d5 30. Qc5 Qg5 31. exd5 exd5 32. Rf3 Re8 33. h3 Nd2 34. Rd3 Re1+ 35. Kf2 Rc1 36. Qd6 Qxg3+ 37. Qxg3 Ne4+ 38. Kf3 Nxg3 39. Kxg3 Ra1 40. a5 Rf1 41. Kg4 Kf7 42. Kg5 Rb1 43. Rd4 Rb3 44. Rg4 Rc3 45. Rf4+ Kg8 46. Kf5 Re3 47. Rg4 Kf7 48. h4 Re1 49. g3 g6+ 50. Rxg6 Rf1+ 51. Kg5 Rb1 52. Rf6+ Kg8 53. Rf4 c5 54. bxc5 Rb5 55. h5 Rxa5 56. Kf6 Rxc5 57. g4 Rc4 58. Rf5 Rxg4 59. Rxd5 b5 60. Rd6 a5 61. Rd5 Rb4 62. Kg6 1/2-1/2

[Event "Budapest-chT1 Lilienthal 1011"]
[Site "Budapest"]
[Date "2011.03.20"]
[Round "11"]
[White "Mihalka, Zsolt"]
[Black "Kovacs, Lajos1111"]
[Result "1/2-1/2"]
[WhiteElo "2211"]
[BlackElo "2212"]
[PlyCount "60"]
[EventDate "2010.09.19"]
[EventType "team-tourn"]
[EventRounds "11"]
[EventCountry "HUN"]
[SourceTitle "EXT 2020"]
[Source "ChessBase"]
[SourceDate "2019.10.17"]
[SourceVersion "1"]
[SourceVersionDate "2019.10.17"]
[SourceQuality "1"]
[WhiteTeam "Penzugyor III"]
[BlackTeam "Budapest Honved III"]
[WhiteTeamCountry "HUN"]
[BlackTeamCountry "HUN"]

1. e4 c5 2. Nf3 e6 3. Nc3 d6 4. d4 cxd4 5. Nxd4 Nf6 6. g4 h6 7. Be2 Nc6 8. Be3 a6 9. Rg1 g5 10. Qd2 Nd7 11. 0-0-0 Be7 12. Kb1 Rg8 13. h4 Nxd4 14. Qxd4 b5 15. hxg5 hxg5 16. Rh1 Qa5 17. Rh8 Rxh8 18. Qxh8+ Nf8 19. a3 b4 20. axb4 Qxb4 21. Qd4 Qxd4 22. Bxd4 Bb7 23. f3 Bc6 24. Bb6 Kd7 25. e5 d5 26. Ne4 Ng6 27. Be3 Nxe5 28. Nxg5 Bb5 29. Bxb5+ axb5 30. Bf4 Ng6 1/2-1/2

[Event "Budapest-chT1 Lilienthal 1011"]
[Site "Budapest"]
[Date "2011.03.06"]
[Round "10"]
[White "Baranyai, Szabolcs Jr"]
[Black "Mihalka, Zsolt"]
[Result "1/2-1/2"]
[WhiteElo "2286"]
[BlackElo "2211"]
[PlyCount "51"]
[EventDate "2010.09.19"]
[EventType "team-tourn"]
[EventRounds "11"]
[EventCountry "HUN"]
[SourceTitle "EXT 2020"]
[Source "ChessBase"]
[SourceDate "2019.10.17"]
[SourceVersion "1"]
[SourceVersionDate "2019.10.17"]
[SourceQuality "1"]
[WhiteTeam "Fabulon"]
[BlackTeam "Penzugyor III"]
[WhiteTeamCountry "HUN"]
[BlackTeamCountry "HUN"]

1. e4 d6 2. d4 g6 3. Be3 Bg7 4. Nc3 a6 5. Qd2 b5 6. a3 Nd7 7. Be2 Bb7 8. f4 c5 9. Bf3 Qc7 10. Nge2 Rc8 11. 0-0 Nb6 12. dxc5 Nc4 13. cxd6 Nxd2 14. dxc7 Nxf1 15. Rxf1 Rxc7 16. e5 Bxf3 17. Rxf3 Nh6 18. Nd4 Nf5 19. Nce2 0-0 20. Nxf5 gxf5 21. Nd4 e6 22. c3 Re8 23. Rg3 Kf8 24. Nb3 Rec8 25. Bd4 Bh6 26. Rf3 1/2-1/2

[Event "Budapest-chT1 Lilienthal 1011"]
[Site "Budapest"]
[Date "2011.02.06"]
[Round "8"]
[White "Mihalka, Zsolt"]
[Black "Tornai, Imre"]
[Result "1-0"]
[WhiteElo "2211"]
[BlackElo "2175"]
[PlyCount "51"]
[EventDate "2010.09.19"]
[EventType "team-tourn"]
[EventRounds "11"]
[EventCountry "HUN"]
[SourceTitle "EXT 2020"]
[Source "ChessBase"]
[SourceDate "2019.10.17"]
[SourceVersion "1"]
[SourceVersionDate "2019.10.17"]
[SourceQuality "1"]
[WhiteTeam "Penzugyor III"]
[BlackTeam "Budapest Ujpest KSE"]
[WhiteTeamCountry "HUN"]
[BlackTeamCountry "HUN"]

1. e4 e6 2. d3 d5 3. Nd2 Nf6 4. Ngf3 c5 5. g3 Nc6 6. Bg2 dxe4 7. dxe4 e5 8. 0-0 Bg4 9. c3 Be7 10. h3 Bxf3 11. Qxf3 Nd7 12. Nc4 Nf8 13. Rd1 Qc7 14. Ne3 Rd8 15. Nd5 Qc8 16. Be3 Ne6 17. h4 Bd6 18. Bh3 Ne7 19. Qh5 Ng6 20. Bf5 0-0 21. Bg5 Rd7 22. Rd2 Re8 23. Rad1 Qc6 24. Ne7+ Rdxe7 25. Bxe7 Nxe7 26. Bxe6 1-0